[Event "EU-ch blitz"]
[Site "Katowice"]
[Date "2017.12.15"]
[Round "1"]
[White "Sammalvuo, Tapani"]
[Black "Kwasniewski, Pawel"]
[Result "1-0"]
[WhiteElo "2416"]
[BlackElo "1717"]
[PlyCount "87"]
[EventDate "2017.12.15"]
[EventType "swiss (blitz)"]
[EventRounds "22"]
[EventCountry "POL"]
[SourceTitle "CBM 182 Extra"]
[Source "ChessBase"]
[SourceDate "2018.02.23"]
[SourceVersion "1"]
[SourceVersionDate "2018.02.23"]
[SourceQuality "1"]

1. Nf3 d5 2. d4 Nf6 3. c4 c6 4. cxd5 cxd5 5. Nc3 Nc6 6. Bf4 Bf5 7. e3 e6 8. Qb3 Bb4 9. Bb5 0-0 10. Bxc6 Bxc3+ 11. Qxc3 Rc8 12. Ne5 bxc6 13. Rc1 Ne4 14. Qa3 f6 15. Nd3 Qb6 16. f3 Ng5 17. Nc5 Nf7 18. Nd7 Qb5 19. Nxf8 Rxf8 20. Rc5 Qb6 21. 0-0 e5 22. Bg3 Re8 23. Qc3 exd4 24. Qxd4 Ne5 25. Bxe5 fxe5 26. Qc3 d4 27. exd4 exd4 28. Qxd4 Rd8 29. Qf2 Qb4 30. Rxf5 Rd2 31. Qxa7 h6 32. Qf7+ Kh7 33. Qb3 Qd4+ 34. Kh1 Rxb2 35. Qd1 Rd2 36. Qb1 Kg8 37. Ra5 Rb2 38. Qd1 Rd2 39. Qb3+ Kh8 40. Ra8+ Kh7 41. Qb1+ g6 42. Qb7+ Qd7 43. Qxd7+ Rxd7 44. a4 1-0

[Event "Suwalki Warakomska Memorial-B 1st"]
[Site "Suwalki"]
[Date "2017.08.16"]
[Round "7"]
[White "Kwasniewski, Pawel"]
[Black "Milanowski, Jan"]
[Result "1-0"]
[WhiteElo "1702"]
[BlackElo "1815"]
[PlyCount "67"]
[EventDate "2017.08.11"]
[EventType "swiss"]
[EventRounds "9"]
[EventCountry "POL"]
[SourceTitle "CBM 180 Extra"]
[Source "ChessBase"]
[SourceDate "2017.10.06"]
[SourceVersion "1"]
[SourceVersionDate "2017.10.06"]
[SourceQuality "1"]

1. d4 d5 2. Nf3 Nf6 3. Bf4 e6 4. e3 Nh5 5. Bd3 Nxf4 6. exf4 Be7 7. 0-0 g6 8. Nbd2 Nd7 9. Re1 0-0 10. Qe2 Bf6 11. Ne5 Nxe5 12. fxe5 Bg7 13. f4 f5 14. Nf3 Qe7 15. a3 c5 16. dxc5 Qxc5+ 17. Qf2 Qxf2+ 18. Kxf2 Bd7 19. c4 dxc4 20. Bxc4 Rac8 21. Rac1 Kf7 22. Red1 Ke7 23. Ng5 h6 24. Rxd7+ Kxd7 25. Bxe6+ Ke7 26. Bxc8 hxg5 27. Rc7+ Kd8 28. Rxg7 Kxc8 29. Rxg6 gxf4 30. Kf3 Kd7 31. Kxf4 a6 32. h4 Rh8 33. g3 Rf8 34. Rf6 1-0

[Event "Suwalki Warakomska Memorial-B 1st"]
[Site "Suwalki"]
[Date "2017.08.14"]
[Round "5"]
[White "Kwasniewski, Pawel"]
[Black "Lisowski, Krzysztof"]
[Result "0-1"]
[WhiteElo "1702"]
[BlackElo "2073"]
[PlyCount "112"]
[EventDate "2017.08.11"]
[EventType "swiss"]
[EventRounds "9"]
[EventCountry "POL"]
[SourceTitle "CBM 180 Extra"]
[Source "ChessBase"]
[SourceDate "2017.10.06"]
[SourceVersion "1"]
[SourceVersionDate "2017.10.06"]
[SourceQuality "1"]

1. d4 d5 2. Nf3 Nf6 3. Bf4 c5 4. e3 Nc6 5. c3 Qb6 6. Qb3 c4 7. Qxb6 axb6 8. Nbd2 b5 9. g3 Bf5 10. Ne5 e6 11. Bg2 Be7 12. 0-0 0-0 13. Rfe1 Nxe5 14. Bxe5 Ne4 15. Nxe4 Bxe4 16. f3 Bd3 17. e4 dxe4 18. fxe4 b4 19. Bf1 Bxf1 20. Rxf1 f6 21. Bf4 Ra6 22. cxb4 Bxb4 23. a3 Bd6 24. Bd2 Rb6 25. Bc3 Rb3 26. Rac1 b5 27. Kg2 Rb8 28. Rf2 b4 29. axb4 Bxb4 30. Rfc2 Ra8 31. Bxb4 Rxb4 32. Rd1 Ra2 33. Rdd2 Kf7 34. Kf3 Ke7 35. h4 h5 36. Kf4 Ra1 37. e5 Rf1+ 38. Rf2 Re1 39. Rfe2 Rd1 40. Red2 Rf1+ 41. Rf2 Rg1 42. Rg2 Rb1 43. Rge2 Kd7 44. Rcd2 Rb3 45. Rc2 Rf1+ 46. Rf2 Rxf2+ 47. Rxf2 Rd3 48. exf6 gxf6 49. Re2 Rxd4+ 50. Re4 e5+ 51. Kf5 Rxe4 52. Kxe4 Ke6 53. Ke3 f5 54. Kd2 Kd5 55. Ke3 Kc5 56. Kd2 Kd4 0-1

[Event "Suwalki Warakomska Memorial-B 1st"]
[Site "Suwalki"]
[Date "2017.08.13"]
[Round "3"]
[White "Kwasniewski, Pawel"]
[Black "Golecki, Jan"]
[Result "1/2-1/2"]
[WhiteElo "1702"]
[BlackElo "1957"]
[PlyCount "71"]
[EventDate "2017.08.11"]
[EventType "swiss"]
[EventRounds "9"]
[EventCountry "POL"]
[SourceTitle "CBM 180 Extra"]
[Source "ChessBase"]
[SourceDate "2017.10.06"]
[SourceVersion "1"]
[SourceVersionDate "2017.10.06"]
[SourceQuality "1"]

1. d4 d5 2. Nf3 Bf5 3. Bf4 e6 4. e3 Bd6 5. Bxd6 Qxd6 6. c3 c6 7. Bd3 Bxd3 8. Qxd3 Nd7 9. Nbd2 Ngf6 10. 0-0 h6 11. Rfe1 0-0-0 12. e4 dxe4 13. Nxe4 Nxe4 14. Qxe4 Rhe8 15. Ne5 Nxe5 16. Qxe5 f6 17. Qxd6 Rxd6 18. f4 Red8 19. Kf2 b6 20. Re2 c5 21. dxc5 bxc5 22. Rae1 Kd7 23. Re4 Rb8 24. R1e2 g5 25. g3 gxf4 26. Rxf4 e5 27. Rh4 Rh8 28. Ra4 a6 29. Ke3 Ke6 30. Rd2 Rc6 31. Rg4 h5 32. Rg7 c4 33. Rb7 h4 34. g4 Rg8 35. h3 f5 36. Rh7 1/2-1/2

[Event "Suwalki Warakomska Memorial-B 1st"]
[Site "Suwalki"]
[Date "2017.08.12"]
[Round "2"]
[White "Ziemski, Przemyslaw"]
[Black "Kwasniewski, Pawel"]
[Result "1/2-1/2"]
[WhiteElo "1902"]
[BlackElo "1702"]
[PlyCount "69"]
[EventDate "2017.08.11"]
[EventType "swiss"]
[EventRounds "9"]
[EventCountry "POL"]
[SourceTitle "CBM 180 Extra"]
[Source "ChessBase"]
[SourceDate "2017.10.06"]
[SourceVersion "1"]
[SourceVersionDate "2017.10.06"]
[SourceQuality "1"]

1. e4 c6 2. d4 d5 3. exd5 cxd5 4. Nc3 Nf6 5. Bf4 Bf5 6. Bd3 Bxd3 7. Qxd3 e6 8. Nf3 Be7 9. 0-0 0-0 10. Ne2 Nc6 11. c3 a6 12. Ng3 Bd6 13. Ne5 Qc7 14. Rae1 Rfe8 15. Nxc6 Bxf4 16. Ne5 Nd7 17. Nxd7 Qxd7 18. Nh5 Qc7 19. Nxf4 Qxf4 20. g3 Qf6 21. f4 g6 22. g4 Rac8 23. Re2 Kh8 24. Qg3 b5 25. a3 Rc4 26. h4 Rec8 27. Rh2 h5 28. Qf3 Rg8 29. Kh1 hxg4 30. Qxg4 Qf5 31. Qg5 Kg7 32. Rg1 Qxg5 33. fxg5 Rc7 34. Rf1 a5 35. Rf3 1/2-1/2

[Event "Rewal op-B 15th"]
[Site "Rewal"]
[Date "2010.08.27"]
[Round "8"]
[White "Janik, Lidia"]
[Black "Kwasniewski, Pawel"]
[Result "1-0"]
[WhiteElo "1615"]
[BlackElo "1470"]
[PlyCount "57"]
[EventDate "2010.08.18"]
[EventType "swiss"]
[EventRounds "9"]
[EventCountry "POL"]
[SourceTitle "EXT 2014"]
[Source "ChessBase"]
[SourceDate "2013.11.20"]
[SourceVersion "1"]
[SourceVersionDate "2013.11.20"]
[SourceQuality "1"]

1. f4 Nf6 2. Nf3 e6 3. e3 d5 4. b3 Bd6 5. Bb2 Nbd7 6. Be2 0-0 7. 0-0 Qe7 8. Ne5 c6 9. d3 Ne8 10. Nd2 f6 11. Nxd7 Bxd7 12. e4 e5 13. f5 Bc5+ 14. Kh1 Nd6 15. Qe1 Be3 16. Bf3 d4 17. Ba3 Bxd2 18. Qxd2 b6 19. g4 c5 20. Rg1 g5 21. Qe1 Qg7 22. Rg3 Kf7 23. b4 Nb5 24. Bb2 Rfc8 25. a4 Nc3 26. Bxc3 dxc3 27. Qxc3 cxb4 28. Qxb4 Rxc2 29. Qb3+ 1-0

[Event "Rewal op-B 15th"]
[Site "Rewal"]
[Date "2010.08.18"]
[Round "1"]
[White "Kwasniewski, Pawel"]
[Black "Zawada, Jozef"]
[Result "1/2-1/2"]
[WhiteElo "1470"]
[BlackElo "1838"]
[PlyCount "104"]
[EventDate "2010.08.18"]
[EventType "swiss"]
[EventRounds "9"]
[EventCountry "POL"]
[SourceTitle "EXT 2014"]
[Source "ChessBase"]
[SourceDate "2013.11.20"]
[SourceVersion "1"]
[SourceVersionDate "2013.11.20"]
[SourceQuality "1"]

1. d4 d5 2. c4 e6 3. Nc3 Nf6 4. Bg5 Nbd7 5. e3 c6 6. Nf3 Qa5 7. Bd3 Ne4 8. Qa4 Qxa4 9. Nxa4 Bb4+ 10. Ke2 Nxg5 11. Nxg5 h6 12. Nf3 dxc4 13. Be4 f5 14. Bc2 b5 15. Nc3 Bd6 16. e4 0-0 17. Rhe1 Nb6 18. Kf1 g6 19. Rad1 Kf7 20. g3 Bb7 21. Nh4 Be7 22. Ng2 a6 23. Nf4 Rfd8 24. exf5 exf5 25. Nxg6 Bf6 26. Bxf5 Bc8 27. Bxc8 Raxc8 28. Ne5+ Kg7 29. Ne4 Nd5 30. Nc5 Re8 31. a3 a5 32. Re4 c3 33. Rg4+ Kh7 34. bxc3 Nxc3 35. Rc1 b4 36. axb4 axb4 37. Na6 Bxe5 38. dxe5 c5 39. Rc4 Rxe5 40. Nxb4 Ne4 41. R4c2 Rf5 42. Nd3 c4 43. Nf4 Rfc5 44. f3 Nd6 45. Nd3 R5c7 46. Ne5 c3 47. Ke2 Nb5 48. Nd3 Nd4+ 49. Ke3 Nxc2+ 50. Rxc2 Re7+ 51. Kd4 Rd7+ 52. Ke4 Re7+ 1/2-1/2

[Event "Polanica Zdroj op-B 45th"]
[Site "Polanica Zdroj"]
[Date "2009.08.27"]
[Round "10"]
[White "Kwasniewski, Pawel"]
[Black "Grochocinska, Urszula"]
[Result "0-1"]
[WhiteElo "1470"]
[BlackElo "1711"]
[PlyCount "30"]
[EventDate "2009.08.18"]
[EventType "swiss"]
[EventRounds "10"]
[EventCountry "POL"]
[SourceTitle "CBM 131 Extra"]
[Source "ChessBase"]
[SourceDate "2009.09.03"]
[SourceVersion "2"]
[SourceVersionDate "2009.09.16"]
[SourceQuality "1"]

1. d4 d5 2. c4 e6 3. Nc3 c5 4. e3 Nc6 5. Nf3 Nf6 6. Be2 b6 7. 0-0 Bd6 8. cxd5 exd5 9. g3 0-0 10. dxc5 Bxc5 11. a3 d4 12. exd4 Nxd4 13. Nxd4 Bxd4 14. Bf3 Bh3 15. Bxa8 Qxa8 0-1